000 nam a22 7a 4500
999 _c8353
_d8353
008 180111b ||||| |||| 00| 0 eng d
100 _94768
_aJAISWAL.J.N.ET AL
245 _aPRACTICAL PHYSICS-XII
260 _aNEW DELHI
_bLAXMI PUB
_c2012